| 000 | 00906nam a2200253 a 4500 | ||
|---|---|---|---|
| 001 | BRCA_704 | ||
| 005 | 20190320203119.0 | ||
| 008 | 930310s1992 mx-a---##b---#000-0#spa-d | ||
| 020 | _a9686084517 | ||
| 040 |
_aDLC _cDLC _dDLC |
||
| 050 | 4 |
_aN6553 _b.A78 4 _c1992 |
|
| 100 | 1 |
_aTovar de Teresa, Guillermo _d1956- _9559 |
|
| 245 | 1 | 0 |
_aPintura y escultura en Nueva España (1557-1640) _cGuillermo Tovar de Teresa ; presentación de Jorge Alberto Manrique. |
| 260 |
_aMéxico _bGrupo Azabache _cc1992 |
||
| 300 |
_a255 p. _bil. (algunas a color) _c30 cm. |
||
| 440 | 0 |
_aArte novohispano _v4 _92315 |
|
| 504 | _aBibliografía: p. 253-[256] | ||
| 650 | 1 | 4 |
_aArte cristiano y simbolismo _zMéxico _942 |
| 650 | 1 | 4 |
_aArte colonial _zMéxico _92316 |
| 650 | 1 | 4 |
_aIglesias _xDecoración y ornamentación _zMéxico _925 |
| 650 | 1 | 4 |
_aPolicromía _zMéxico _92317 |
| 700 | 1 |
_aManrique, Jorge Alberto _92318 |
|
| 942 |
_2lcc _cB |
||
| 999 |
_c607 _d607 |
||